The best of times : (Record no. 9862)

MARC details
000 -LEADER
fixed length control field 00928nam a22002777a 4500
001 - CONTROL NUMBER
control field 9862
003 - CONTROL NUMBER IDENTIFIER
control field FISKH
005 - DATE AND TIME OF LATEST TRANSACTION
control field 20260310090517.0
008 - FIXED-LENGTH DATA ELEMENTS--GENERAL INFORMATION
fixed length control field 260310b cb ||||| |||| 00| 0 eng d
020 ## - INTERNATIONAL STANDARD BOOK NUMBER
International Standard Book Number 9780439210447
040 ## - CATALOGING SOURCE
Original cataloging agency FISKH
Language of cataloging eng
Transcribing agency FISKH
Modifying agency FISKH
050 ## - LIBRARY OF CONGRESS CALL NUMBER
Classification number QA115 .T357
082 ## - DEWEY DECIMAL CLASSIFICATION NUMBER
Classification number 513.213
100 ## - MAIN ENTRY--PERSONAL NAME
Personal name Tang, Greg
Relator term Author
245 ## - TITLE STATEMENT
Title The best of times :
Remainder of title Math strategies that multiply /
Statement of responsibility, etc. By Greg Tang ; illustrated by Harry Briggs
260 ## - PUBLICATION, DISTRIBUTION, ETC.
Place of publication, distribution, etc. New York :
Name of publisher, distributor, etc. Scholastic Press ,
Date of publication, distribution, etc. 2002
300 ## - PHYSICAL DESCRIPTION
Extent 32 unnumbered pages :
Other physical details color illustrations ;
Dimensions 26 cm
505 ## - FORMATTED CONTENTS NOTE
Formatted contents note L<br/>
520 ## - SUMMARY, ETC.
Summary, etc. Simple rhymes offer hints on how to multiply any number by zero through ten without memorizing the multiplication tables.
521 8# - TARGET AUDIENCE NOTE
Target audience note 520<br/>
Source Lexile AD<br/>
521 8# - TARGET AUDIENCE NOTE
Target audience note L<br/>
Source Raz-Plus<br/>
650 ## - SUBJECT ADDED ENTRY--TOPICAL TERM
Topical term or geographic name entry element Math stories
Form subdivision Math strategies
700 ## - ADDED ENTRY--PERSONAL NAME
Personal name Briggs, Harry
Relator term Illustrator
942 ## - ADDED ENTRY ELEMENTS (KOHA)
Source of classification or shelving scheme Dewey Decimal Classification
Koha item type Books
Suppress in OPAC No
Holdings
Withdrawn status Lost status Source of classification or shelving scheme Damaged status Not for loan Collection Home library Current library Shelving location Date acquired Total Checkouts Full call number Barcode Date last seen Copy number Price effective from Koha item type
    Dewey Decimal Classification     Non-Fiction Footprints International School Library Network Toul Tom Poung Campus Footprints International School Library Network Toul Tom Poung Campus TTP Primary Yellow Bookshelves 03/10/2026   TAN 513.213 QA115 .T357 FIS03348 03/10/2026 1 03/10/2026 Books